000 01292nam0a22002771 4500
001 rc\4938906
005 20250612210747.0
021 _aRU
_bП671-60
035 _a(NLR Aleph) 008850452
090 _a8397070
_c8397070
100 _a20130426d1959 |||y0rusy50 ca
101 1 _arus
_ceng
102 _aRU
105 _aa z |||||
200 1 _aЭлектронные системы регулирования процесса
_fПер. Р.И. Гогунов
210 _a[Москва]
_cБ. и.
_d1959
215 _a30 с.
_cил.
_d29
225 1 _aГлавниипроект при Госплане СССР. Центральный научно-исследовательский институт комплексной автоматизации. Центральное бюро технической информации приборостроения и средств автоматизации. Информация о зарубежной технике
_v№ 31
300 _aЛитогр.
300 _aП[ер.]-685. [Из журн.]: "Control engineering", т. 5, № 11, ноябрь 1958 г., с. 81-96, 101-102
702 1 _aГогунов
_bР.И.
_4730
801 0 _aRU
_bNLR
_gpsbo
801 1 _aRU
_bELAR
_2rusmarc
852 _aNLR
_jП11/1753
942 _cBOOK
980 _aNB